000
00325nam a2200133Ia 4500
999
_c
532166
_d
532166
005
20191111153123.0
008
190125s9999 xx 000 0 und d
040
_c
DLC
100
_a
Ali Nawazish Shah
_9
25501
245
_a
Pathay
260
_b
Lahore
_a
Ilm o Irfan Publishers
_c
2014
300
_a
207,p. :
942
_2
ddc
_c
BK